000 00572nam a2200193Ia 4500
005 20260429112057.0
008 260429s9999||||xx |||||||||||||| ||und||
020 _a9788126939282
041 _aEnglish
082 _a336.271
_bSAN
100 _aSant Kumar
245 0 _aGST :
_ba handbook for UG, PG and professional courses : updated as per the finance act, 2023 /
_cSant Kumar
250 _a1st ed.
260 _aNew Delhi :
_bAtlantic Publishers and Distributors,
_c2024.
300 _aviii, 380 p.; hb
650 _a Finance act
650 _aGST
942 _cTB
999 _c52229
_d52229